000 00651nam a2200229 a 4500
001 BRL_1096
005 20190320211031.0
008 111113s1948----mx-a######---#000-0#spa-#
041 _aspa
044 _amx
050 4 _aN6553
_b.T68 1948
100 1 _aToussaint, Manuel
_d1890-1955
_925788
245 1 0 _aArte colonial en México
_cManuel Toussaint.
260 _aMéxico
_bUNAM, Instituto de Investigaciones Estéticas
_c1948
300 _axxxi, 501 p.
_bil.
_c34 cm.
500 _aAu1244
504 _aBibliografía: p. xxix-xxxi
650 1 4 _aArte colonial
_zMéxico
_925789
650 1 4 _aArte mexicano
_92321
902 _aGRL
942 _2lcc
_cB
999 _c9908
_d9908